[Event "EU-ch U08 Girls 28th"]
[Site "Riga"]
[Date "2018.08.29"]
[Round "9"]
[White "Smietanska, Wiktoria"]
[Black "Borowik, Monika"]
[Result "1-0"]
[WhiteElo "1433"]
[BlackElo "1121"]
[PlyCount "123"]
[EventDate "2018.08.20"]
[EventType "swiss"]
[EventRounds "9"]
[EventCountry "LAT"]
[SourceTitle "CBM 186 Extra"]
[Source "ChessBase"]
[SourceDate "2018.08.24"]
[SourceVersion "1"]
[SourceVersionDate "2018.08.24"]
[SourceQuality "1"]

1. b4 d5 2. Bb2 e6 3. a3 Nf6 4. e3 c5 5. bxc5 Bxc5 6. Nf3 Nc6 7. d4 Bb6 8. c4 0-0 9. Bd3 Ne4 10. 0-0 f5 11. Nc3 Bc7 12. Qc2 g5 13. Nb5 Bb8 14. Rab1 a6 15. Nc3 g4 16. Nd2 h5 17. cxd5 exd5 18. Rbd1 h4 19. Nxd5 Nxd2 20. Rxd2 h3 21. g3 Be6 22. Nc3 Ne7 23. Re1 Nd5 24. Bc4 Kg7 25. Qb3 Nxc3 26. Qxc3 Bxc4 27. Qxc4 b5 28. d5+ Kg6 29. Qc6+ Bd6 30. Be5 Kh7 31. Qxd6 Qxd6 32. Bxd6 Rfc8 33. Be5 Rc5 34. Bb2 Rd8 35. d6 a5 36. d7 Rc7 37. Red1 Kg6 38. Rd6+ Kh7 39. Bf6 Rf8 40. d8Q Rxd8 41. Rxd8 b4 42. R1d7+ Rxd7 43. Rxd7+ Kg6 44. Bb2 bxa3 45. Bxa3 a4 46. Rd4 Kg5 47. Rxa4 Kg6 48. f3 gxf3 49. Kf2 Kg5 50. Kxf3 Kh5 51. Rh4+ Kg5 52. Be7+ Kg6 53. Rxh3 Kf7 54. Kf4 Kxe7 55. Kxf5 Kd6 56. g4 Kd5 57. g5 Kd6 58. g6 Kd5 59. g7 Kd6 60. g8Q Kc5 61. e4 Kd4 62. Qd5# 1-0

[Event "EU-ch U08 Girls 28th"]
[Site "Riga"]
[Date "2018.08.28"]
[Round "8"]
[White "Borowik, Monika"]
[Black "Kuznecova, Marija"]
[Result "0-1"]
[WhiteElo "1121"]
[BlackElo "1138"]
[PlyCount "152"]
[EventDate "2018.08.20"]
[EventType "swiss"]
[EventRounds "9"]
[EventCountry "LAT"]
[SourceTitle "CBM 186 Extra"]
[Source "ChessBase"]
[SourceDate "2018.08.24"]
[SourceVersion "1"]
[SourceVersionDate "2018.08.24"]
[SourceQuality "1"]

1. d4 d5 2. c4 e6 3. Nc3 c5 4. cxd5 cxd4 5. Qxd4 Nc6 6. Qd1 exd5 7. Qxd5 Be6 8. Qxd8+ Rxd8 9. Nf3 Nb4 10. Bd2 Nc2+ 11. Kd1 Nxa1 12. Kc1 Bg4 13. Ne5 Be6 14. e4 a6 15. Be2 Bb4 16. Nf3 Nf6 17. Bg5 h6 18. Bf4 Rc8 19. Be5 Nxe4 20. Bxg7 Rg8 21. Bd4 Bxa2 22. Kd1 Bb3+ 23. Ke1 Nc2+ 24. Kf1 Nxc3 25. bxc3 Bxc3 26. Bb6 Rc6 27. Ba7 Ke7 28. Be3 a5 29. Nh4 Rf6 30. Bxh6 Kd7 31. Bc1 a4 32. Bd1 Re6 33. Nf3 Nb4 34. Be2 Rge8 35. Bb5+ Kc7 36. Bxe8 Rxe8 37. g3 Nd3 38. Ba3 Bb4 39. Bxb4 Nxb4 40. Kg2 a3 41. Rc1+ Kd6 42. Nd4 Bd5+ 43. Kg1 Ra8 44. Ra1 a2 45. h4 Ke5 46. Nb5 Nc2 47. f4+ Kf5 48. Rd1 a1Q 49. Rxa1 Rxa1+ 50. Kf2 Bc4 51. Nd6+ Kg6 52. Nxc4 b5 53. Ne5+ Kg7 54. h5 b4 55. g4 b3 56. Nd3 Ra2 57. Kg3 b2 58. Nxb2 Rxb2 59. g5 Rb6 60. f5 Rb3+ 61. Kf4 Rb5 62. f6+ Kh7 63. Kg4 Nd4 64. Kf4 Ne6+ 65. Kg4 Rxg5+ 66. Kh4 Kh6 67. Kh3 Kxh5 68. Kh2 Kg6 69. Kh3 Kxf6 70. Kh4 Kg6 71. Kh3 f5 72. Kh4 f4 73. Kh3 f3 74. Kh2 f2 75. Kh3 f1Q+ 76. Kh4 Qh1# 0-1

[Event "EU-ch U08 Girls 28th"]
[Site "Riga"]
[Date "2018.08.26"]
[Round "6"]
[White "Zubkovskaya, Ekaterina"]
[Black "Borowik, Monika"]
[Result "1-0"]
[WhiteElo "1371"]
[BlackElo "1121"]
[PlyCount "55"]
[EventDate "2018.08.20"]
[EventType "swiss"]
[EventRounds "9"]
[EventCountry "LAT"]
[SourceTitle "CBM 186 Extra"]
[Source "ChessBase"]
[SourceDate "2018.08.24"]
[SourceVersion "1"]
[SourceVersionDate "2018.08.24"]
[SourceQuality "1"]

1. e4 c5 2. Nf3 Nc6 3. c3 Nf6 4. e5 Nd5 5. d4 e6 6. Bg5 Qb6 7. Qd2 cxd4 8. cxd4 Bb4 9. Nc3 Qa5 10. Rc1 0-0 11. a3 Bxc3 12. bxc3 Qxa3 13. Bd3 Nce7 14. 0-0 Qa5 15. Qc2 Ng6 16. Nh4 b5 17. f4 Ne3 18. Qd2 Nxf1 19. Rxf1 Bb7 20. f5 Nxh4 21. Bxh4 exf5 22. Bxf5 Qb6 23. Bf6 Qc6 24. Rf3 Qxf6 25. exf6 Bxf3 26. Qg5 g6 27. Qh6 Kh8 28. Qg7# 1-0

[Event "EU-ch U08 Girls 28th"]
[Site "Riga"]
[Date "2018.08.23"]
[Round "4"]
[White "Borowik, Monika"]
[Black "Mgeladze, Kesaria"]
[Result "1-0"]
[WhiteElo "1121"]
[BlackElo "1243"]
[PlyCount "93"]
[EventDate "2018.08.20"]
[EventType "swiss"]
[EventRounds "9"]
[EventCountry "LAT"]
[SourceTitle "CBM 186 Extra"]
[Source "ChessBase"]
[SourceDate "2018.08.24"]
[SourceVersion "1"]
[SourceVersionDate "2018.08.24"]
[SourceQuality "1"]

1. d4 Nf6 2. c4 g6 3. Nc3 Bg7 4. Nf3 0-0 5. e4 d6 6. Be2 e5 7. d5 a5 8. Be3 Ng4 9. 0-0 Nxe3 10. fxe3 Na6 11. Qd2 Nc5 12. Rf2 f5 13. exf5 Bxf5 14. Re1 Qe7 15. Bf1 e4 16. Nd4 Bd7 17. Rxf8+ Rxf8 18. a3 a4 19. Ncb5 Bxb5 20. Nxb5 Qf7 21. Nd4 h6 22. g3 g5 23. Bh3 Nd3 24. Be6 Nxe1 25. Bxf7+ Rxf7 26. Qxe1 Kh8 27. Qb4 b6 28. Qxa4 Re7 29. Nf5 Rf7 30. Nxg7 Kxg7 31. Qe8 Rf8 32. Qxe4 Rf7 33. b4 Rf8 34. a4 Kh8 35. Qe7 Rc8 36. Qd7 Ra8 37. Qxc7 Rxa4 38. Qxd6 g4 39. Qd8+ Kg7 40. Qd7+ Kg8 41. Qxa4 h5 42. d6 Kg7 43. d7 b5 44. Qxb5 h4 45. d8Q h3 46. Qbg5+ Kf7 47. Qgf6# 1-0